inputs and outputs of each stage in cellular respiration - Statistics

General Stats
  • This quiz has been taken 13 times
  • The average score is 1 of 6
Answer Stats
Hint Answer % Correct
Glycolysis inputs Glucose, ADP+Pi, NAD+
100%
Glycolysis outputs 2x Pyruvate, ATPx2, NADH
13%
Krebs cycle/Citric acid cycle inputs 2x Pyruvate, ADP+Pi, FAD, NAD+
0%
Krebs cycle/Citric acid cycle outputs 6CO₂, ATPx2, FADH₂, NADH
0%
electron transport chain inputs ADP+Pi, NADH, FADH₂, 6O₂
0%
electron transport chain outputs ATP x26/28, NAD+, FAD, 6H₂O
0%
No matching quizzes found
Score Distribution
Percent of People with Each Score
Percentile by Number Answered
Your Score History
You have not taken this quiz